| 000 | 00759nam a2200217 i 4500 | ||
|---|---|---|---|
| 001 | 61144 | ||
| 003 | ES-MaACL | ||
| 005 | 20231204125101.0 | ||
| 007 | t| | ||
| 008 | 031110s1977 sp ||||1| spa d | ||
| 100 | 1 |
_aEtreros, Mercedes. _948292 |
|
| 245 | 1 | 0 |
_aEstudios sobre la novela española del siglo XIX / _cMercedes Etreros, María Isabel Montesinos, Leonardo Romero. |
| 260 |
_aMadrid : _bInstituto Miguel de Cervantes, _c1977. |
||
| 300 |
_a209 p. ; _c25 cm. |
||
| 490 | 1 |
_aAnejos de revista de literatura ; _v38 |
|
| 700 | 1 |
_aMontesinos, María Isabel. _982599 |
|
| 700 | 0 |
_aRomero Tobar, Leonardo, _d1941- _999445 |
|
| 830 | 0 |
_aAnejos de revista de literatura ; _v38 _9182587 |
|
| 852 |
_aES-MaACL _jA-7712 _bR.96795 |
||
| 999 |
_c61144 _d61144 |
||